IFM Opac

Management (Record no. 22135)

MARC details
000 -LEADER
fixed length control field 00407nam a22001697a 4500
020 ## - INTERNATIONAL STANDARD BOOK NUMBER
ISBN 978-93-560-6491-1
082 ## - DEWEY DECIMAL CLASSIFICATION NUMBER
Classification number 658
100 ## - MAIN ENTRY--AUTHOR NAME
Personal name Robbins, Stephen P.
245 ## - TITLE STATEMENT
Title Management
250 ## - EDITION STATEMENT
Edition statement 15th
260 ## - PUBLICATION, DISTRIBUTION, ETC. (IMPRINT)
Place of publication Uttar Pradesh:
Name of publisher Pearson Education;
Year of publication 2022
300 ## - PHYSICAL DESCRIPTION
Number of Pages xxxviii, 658p.: ill.; 25cm
700 ## - ADDED ENTRY--PERSONAL NAME
Personal name Coulter, Mary
700 ## - ADDED ENTRY--PERSONAL NAME
Personal name Randel, Amy
700 ## - ADDED ENTRY--PERSONAL NAME
Personal name Viswanathan, Rajeesh
942 ## - ADDED ENTRY ELEMENTS (KOHA)
Koha item type Books
Holdings
Withdrawn status Lost status Damaged status Not for loan Collection code Permanent Location Current Location Shelving location Date acquired Source of acquisition Full call number Accession Number Price effective from Koha item type
        Non-fiction IFM Main Campus Library IFM Main Campus Library Work Room processing 01/13/2026 Purchased 658 ROB 0000030382 01/13/2026 Books
        Non-fiction IFM Main Campus Library IFM Main Campus Library Work Room processing 01/13/2026 Purchased 658 ROB 0000030383 01/13/2026 Books
        Non-fiction IFM Main Campus Library IFM Main Campus Library Work Room processing 01/13/2026 Purchased 658 ROB 0000030384 01/13/2026 Books